| 000 | 00457nam a22001937a 4500 | ||
|---|---|---|---|
| 003 | MPLRDC | ||
| 005 | 20220104113954.0 | ||
| 008 | 210129b ||||| |||| 00| 0 eng d | ||
| 020 | _a957-639-038-9 | ||
| 082 | _a848.2 AY v.8 | ||
| 100 | _a爱亚著 | ||
| 245 |
_a十二楼凭窗情事 _c |
||
| 250 | _a初版 | ||
| 260 |
_a _b尔雅出版社 _c1991 |
||
| 300 | _b平 | ||
| 490 | _a尔雅丛书;255 | ||
| 650 | _a现代别集 | ||
| 942 |
_cBK _o848.2 AY v.8 |
||
| 999 |
_c3810 _d3800 |
||